Statistics for Popular Girl Names In America

Click here to take the quiz!

General Stats

  • This quiz has been taken 8 times
  • The average score is 4 of 15

Answer Stats

Popular Girl Names% Correct
Emma
100%
Olivia
88%
Ava
75%
Grace
38%
Jessica
38%
Alex
25%
Samantha
25%
Taylor
25%
Rebecca
13%
Betty
0%
Charli
0%
Jessie
0%
Jordan
0%
Lexi
0%
Maya
0%

Score Distribution

Percentile by Number Answered

Percent of People with Each Score

Your Score History

You have not taken this quiz